ARRUPE JESUIT UNIVERSITY

CORONAVIRUS -STOP THE SPREAD - CLEAN,DISINFECT,COVER

Sandile: (Record no. 2977)

MARC details
000 -LEADER
fixed length control field 00466nam a2200205Ia 4500
003 - CONTROL NUMBER IDENTIFIER
control field 0100
008 - FIXED-LENGTH DATA ELEMENTS--GENERAL INFORMATION
fixed length control field 130227s9999 xx 000 0 und d
040 ## - CATALOGING SOURCE
Transcribing agency ARRUPELIB
050 ## - LIBRARY OF CONGRESS CALL NUMBER
Classification number DT777.M44
100 ## - MAIN ENTRY--PERSONAL NAME
Personal name Meintjes, Johannes
9 (RLIN) 39746
245 ## - TITLE STATEMENT
Title Sandile:
Remainder of title the fall of the Xhosa nation /
260 ## - PUBLICATION, DISTRIBUTION, ETC. (IMPRINT)
Place of publication, distribution, etc Cape Town
Name of publisher, distributor, etc T. V. Bulpin
Date of publication, distribution, etc 1971
300 ## - PHYSICAL DESCRIPTION
Extent 312p
300 ## - PHYSICAL DESCRIPTION
Other physical details 23cm
650 ## - SUBJECT ADDED ENTRY--TOPICAL TERM
Topical term or geographic name as entry element Sandile
9 (RLIN) 39747
650 ## - SUBJECT ADDED ENTRY--TOPICAL TERM
Topical term or geographic name as entry element Africa, South
General subdivision History
-- Kafir Wars
9 (RLIN) 39748
942 ## - ADDED ENTRY ELEMENTS (KOHA)
Source of classification or shelving scheme Library of Congress Classification
Item type Monograph ( Printed materials)
Holdings
Withdrawn status Lost status Source of classification or shelving scheme Damaged status Not for loan Collection code Home library Current library Shelving location Date acquired Total Checkouts Full call number Barcode Date last seen Copy number Price effective from Koha item type
    Library of Congress Classification     Main Collection ARRUPE LIBRARY ARRUPE LIBRARY   27/02/2013   DT777.M44 46403914 07/12/2017 1 27/02/2013 Monograph ( Printed materials)

 

Arrupe Library. PO Box MP320 Mt Pleasant, Harare, Zimbabwe
263 242 745411|librarian@aju.ac.zw